| 000 -LEADER |
| fixed length control field |
01031cam a2200253 a 4500 |
| 001 - CONTROL NUMBER |
| control field |
54931 |
| 003 - CONTROL NUMBER IDENTIFIER |
| control field |
OSt |
| 005 - DATE AND TIME OF LATEST TRANSACTION |
| control field |
20260204111243.0 |
| 008 - FIXED-LENGTH DATA ELEMENTS--GENERAL INFORMATION |
| fixed length control field |
950725s1995 nyua 000 1 eng |
| 010 ## - LIBRARY OF CONGRESS CONTROL NUMBER |
| LC control number |
95032034 |
| 020 ## - INTERNATIONAL STANDARD BOOK NUMBER |
| International Standard Book Number |
9780679419464 |
| 040 ## - CATALOGING SOURCE |
| Original cataloging agency |
DLC |
| Transcribing agency |
DLC |
| Modifying agency |
OCL |
| -- |
FIT |
| -- |
YDIBT |
| -- |
KH8 |
| 082 ## - DEWEY DECIMAL CLASSIFICATION NUMBER |
| Classification number |
FIC CRI |
| 100 1# - MAIN ENTRY--PERSONAL NAME |
| Personal name |
Crichton, Michael, |
| Dates associated with a name |
1942- |
| Relator term |
author. |
| 245 14 - TITLE STATEMENT |
| Title |
The lost world : |
| Remainder of title |
a novel / |
| Statement of responsibility, etc. |
by Michael Crichton. |
| 250 ## - EDITION STATEMENT |
| Edition statement |
1st trade ed. |
| 260 ## - PUBLICATION, DISTRIBUTION, ETC. |
| Place of publication, distribution, etc. |
New York : |
| Name of publisher, distributor, etc. |
Knopf : |
| -- |
Distributed by Random House, |
| Date of publication, distribution, etc. |
1995. |
| 300 ## - PHYSICAL DESCRIPTION |
| Extent |
xi, 393 p. : |
| Other physical details |
ill. ; |
| Dimensions |
25 cm. |
| 520 ## - SUMMARY, ETC. |
| Summary, etc. |
On an island off Costa Rica there exists a hush-hush colony of giant animals which attracts the attention of two expeditions. The first one, including children, is led by a paleontologist, the other is made up of evil scientists who want to do experiments. The animals rout both without much concern for their motives. |
| 650 #0 - SUBJECT ADDED ENTRY--TOPICAL TERM |
| Topical term or geographic name entry element |
Cloning |
| Form subdivision |
Fiction. |
| 650 #0 - SUBJECT ADDED ENTRY--TOPICAL TERM |
| Topical term or geographic name entry element |
Dinosaurs |
| Form subdivision |
Fiction. |
| 655 #7 - INDEX TERM--GENRE/FORM |
| Genre/form data or focus term |
Science fiction. |
| Source of term |
gsafd. |
| 942 ## - ADDED ENTRY ELEMENTS (KOHA) |
| Source of classification or shelving scheme |
|
| Koha item type |
Books - Fiction |